000
00280 a2200133 4500
001
194908
040
_c
Magnum
100
_a
MORAL, Silvia
240
1
0
_a
Hailibu, o caçador
_l
por
245
1
0
_a
Hailibu, o caçador
300
_a
16
697
_a
LITERATURA INFANTIL
942
_c
BK
999
_c
194908
_d
194908